| 000 | 00856cam a22002771 4500 | ||
|---|---|---|---|
| 999 |
_c9397 _d9397 |
||
| 001 | 9397 | ||
| 003 | BD-JhCC | ||
| 005 | 20180313183457.0 | ||
| 008 | 900926s1970 mauab b 000 0 eng | ||
| 035 | _a(BD-JhCC)9397 | ||
| 040 |
_aDLC _cDLC _dDLC _dBD-JhCC |
||
| 041 | _aeng | ||
| 050 | 0 | 0 |
_aPE1122 _b.D397 |
| 082 | 0 | 0 |
_a808/.0427 _bDAV 1970 |
| 100 | 1 |
_aDavy, Francis X., _d1916- |
|
| 245 | 1 | 0 |
_aPerspectives on our time; _bissues and essays. _cEdited by Francis X. Davy [and] Robert E. Burkhart. |
| 260 |
_aBoston, _bHoughton Mifflin _c[1970] |
||
| 300 |
_axvi, 425 p. _billus., maps _c24 cm. |
||
| 504 | _aIncludes bibliographies. | ||
| 650 | 0 | _aCollege readers. | |
| 650 | 0 |
_aReaders _xCivilization. |
|
| 650 | 0 |
_aCivilization, Modern _xProblems, exercises, etc. |
|
| 700 | 1 | _aBurkhart, Robert E., | |
| 942 |
_2ddc _cBK |
||